| 000 | 01397nam a2200289Ia 4500 | ||
|---|---|---|---|
| 001 | 18370 | ||
| 003 | GE_BSU | ||
| 008 | 181216s||||||||xx |||||||||||||| ||und|| | ||
| 020 | _a9789941050343 | ||
| 040 | _cGE_BSU | ||
| 080 | _a373.3/5(479.22) | ||
| 100 | _aჯანაშია, სიმონ., გოგრგოძე, სოფიო., აბულაძე, ირინა., ანთაძე, ია., მოსიაშვილი, თამარ., და სხვ. | ||
| 245 | _aზოგადსაგანმანათლებლო სისტემის დეცენტრალიზაცია | ||
| 245 | _bკრებული | ||
| 245 | _cრედ. თამარ ჩხაიძე. | ||
| 250 | _aსამოქალაქო განვითარების ინ-ტი | ||
| 260 | _aთბილისი | ||
| 260 | _bმწიგნობარი | ||
| 260 | _c2013 | ||
| 300 | _a182 გვ. : ცხრ., დიაგრ. ; 20 სმ. | ||
| 300 | _eბიბლიოგრ.: გვ. 181-182 | ||
| 541 | _h26 ლ. | ||
| 653 | _aგანათლება | ||
| 653 | _aზოგადსაგანმანათლებლო სისტემები | ||
| 653 | _aზოგადსაგანმანათლებლო სისტემის დეცენტრალიზაცია | ||
| 942 | _cBK | ||
| 999 |
_c51386 _d51386 |
||